[Event "Championnat de France des Jeunes - Benja"]
[Site "AIX LES BAINS"]
[Date "2009.04.21"]
[Round "4.7"]
[White "Cabanes, Kim"]
[Black "Wurtz, Guillaume"]
[Result "1-0"]
[WhiteElo "1932"]
[BlackElo "1822"]
[PlyCount "113"]

1. e4 c5 2. Nf3 Nc6 3. Bb5 e5 4. O-O Nge7 5. Re1 g6 6. d3 Bg7 7. Nc3 O-O 8. Be3
d6 9. Qc1 f5 10. Bg5 f4 11. Nd5 h6 12. Bxe7 Nxe7 13. Bc4 Kh7 14. Rb1 g5 15. Nd2
g4 16. f3 h5 17. Qd1 Nc6 18. a3 Qg5 19. Nc7 Bd7 20. Nxa8 Rxa8 21. Kh1 Rh8 22.
b4 b6 23. bxc5 dxc5 24. c3 h4 25. fxg4 h3 26. gxh3 Kg6 27. Qf3 Bf6 28. Rg1 Rh4
29. Rb2 Qh6 30. Kg2 Nd8 31. Nb3 Nf7 32. Bxf7+ Kxf7 33. Rd2 Bc6 34. Rdd1 Qh7 35.
Nd2 Qg7 36. Kh1 Qh7 37. Kg2 Ke7 38. Rc1 Ke6 39. d4 exd4 40. cxd4 Bxd4 41. Rge1
Qh6 42. Rcd1 Ba4 43. Nb3 Be3 44. Rxe3 fxe3 45. Qf5+ Ke7 46. Qe5+ Qe6 47. Qg7+
Ke8 48. Rf1 Kd8 49. Qg5+ Kc7 50. Qxe3 Bxb3 51. Qg3+ Kb7 52. Qxh4 Qxe4+ 53. Kg1
Bc4 54. Re1 Qd4+ 55. Qf2 Qd3 56. Qe3 Qg6 57. Qe4+ 1-0

[Event "Championnat de France des Jeunes - Benja"]
[Site "AIX LES BAINS"]
[Date "2009.04.21"]
[Round "4.8"]
[White "Ringuet, Noe"]
[Black "Sartre, Guilhem"]
[Result "1-0"]
[WhiteElo "1906"]
[BlackElo "1610"]
[PlyCount "57"]

1. e4 e6 2. d4 d5 3. Nd2 Nf6 4. e5 Nfd7 5. Bd3 c5 6. c3 Nc6 7. Ne2 Be7 8. O-O
Qb6 9. Nf3 O-O 10. Re1 cxd4 11. cxd4 f6 12. exf6 Nxf6 13. Nf4 Nb4 14. Bb1 Bd6
15. a3 Na6 16. Nd3 Nb8 17. Nde5 Nbd7 18. Bd3 Bc7 19. Qc2 h6 20. Be3 Bd6 21.
Rac1 Qd8 22. Ng6 Rf7 23. Nfe5 Bxe5 24. dxe5 Ne8 25. Qe2 Nf8 26. Qg4 b6 27. Bxh6
Bd7 28. Bxg7 Qb8 29. Qh5 1-0

[Event "Championnat de France des Jeunes - Benja"]
[Site "AIX LES BAINS"]
[Date "2009.04.21"]
[Round "4.9"]
[White "Perrois, Aurelien"]
[Black "Kirk, Ezra"]
[Result "1-0"]
[WhiteElo "1840"]
[BlackElo "1884"]
[PlyCount "76"]

1. d4 Nf6 2. c4 g6 3. Nc3 Bg7 4. e4 d6 5. Nf3 O-O 6. Be2 e5 7. O-O Nc6 8. d5
Ne7 9. Ne1 Nd7 10. Nd3 f5 11. Bd2 Nf6 12. f3 f4 13. g4 fxg3 14. hxg3 Nh5 15.
Kg2 Bd7 16. Rh1 Be8 17. Be3 h6 18. b4 g5 19. Qd2 Bg6 20. Rac1 a5 21. bxa5 Rxa5
22. c5 Qd7 23. Rb1 Qc8 24. cxd6 cxd6 25. Nb5 Rxb5 26. Rxb5 g4 27. Nf2 gxf3+ 28.
Bxf3 Qe8 29. Qe2 Nf6 30. Rxb7 h5 31. Bg5 Nexd5 32. exd5 e4 33. Rxg7+ Kxg7 34.
Bxf6+ Rxf6 35. Bxh5 e3 36. Bxg6 Rxg6 37. Qb2+ Rf6 38. Re1 exf2 1-0

[Event "Championnat de France des Jeunes - Benja"]
[Site "AIX LES BAINS"]
[Date "2009.04.21"]
[Round "4.10"]
[White "Fuhrmann, Valentin"]
[Black "Aubry, Yannis"]
[Result "0-1"]
[WhiteElo "1798"]
[BlackElo "1932"]
[PlyCount "68"]

1. d4 Nf6 2. c4 g6 3. Nc3 Bg7 4. e4 d6 5. f3 O-O 6. Be3 e5 7. d5 Nh5 8. Qd2
Qh4+ 9. g3 Nxg3 10. Qf2 Nxf1 11. Qxh4 Nxe3 12. Ke2 Nxc4 13. Rc1 Na6 14. Nd1 Nb6
15. Ne3 Bd7 16. Nh3 f6 17. Rcg1 Rae8 18. Nf2 c6 19. a3 cxd5 20. exd5 f5 21. Qg5
Nc7 22. h4 Nbxd5 23. Nxd5 Nxd5 24. h5 Nf4+ 25. Kd2 h6 26. Qg3 g5 27. Nh3 Nxh5
28. Qg2 Nf4 29. Nxf4 exf4 30. Rh2 Bc6 31. Qh3 Re5 32. Qf1 Bb5 33. Qc1 Rc5 34.
Qb1 Rd5+ 0-1

[Event "Championnat de France des Jeunes - Benja"]
[Site "AIX LES BAINS"]
[Date "2009.04.21"]
[Round "4.11"]
[White "Bernard, Alien"]
[Black "Levacic, Adrien"]
[Result "1-0"]
[WhiteElo "1800"]
[BlackElo "1910"]
[PlyCount "59"]

1. e4 e5 2. Nc3 Nf6 3. f4 d6 4. Nf3 Nbd7 5. Bc4 Be7 6. d3 exf4 7. Bxf4 Nf8 8.
e5 dxe5 9. Nxe5 Be6 10. Bb3 Bxb3 11. axb3 Ng6 12. Nxg6 hxg6 13. Qf3 c6 14. Be3
a6 15. Ra4 Bd6 16. Bg5 Qe7+ 17. Re4 O-O-O 18. Rxe7 Bxe7 19. Bxf6 Bxf6 20. Kd1
Rh5 21. g4 Ra5 22. h4 Rd7 23. g5 Bd4 24. Re1 Kb8 25. Qg3+ Ka7 26. Re8 Ra1+ 27.
Kd2 Ra5 28. Qb8+ Kb6 29. Na4+ Kb5 30. Qc8 1-0

[Event "Championnat de France des Jeunes - Benja"]
[Site "AIX LES BAINS"]
[Date "2009.04.21"]
[Round "4.12"]
[White "Cornaton, Antoine"]
[Black "Barberis, Valentin"]
[Result "1-0"]
[WhiteElo "1870"]
[BlackElo "1797"]
[PlyCount "75"]

1. e4 d6 2. d4 Nf6 3. Nc3 g6 4. f4 Bg7 5. Nf3 O-O 6. Be3 Na6 7. Be2 c5 8. dxc5
Nxc5 9. Bxc5 dxc5 10. Qxd8 Rxd8 11. O-O b6 12. e5 Ng4 13. Bd3 Bb7 14. Rae1 Rac8
15. h3 Nh6 16. g4 f5 17. Bc4+ Kh8 18. g5 Ng8 19. Kf2 a6 20. a4 e6 21. Bxe6 Rc6
22. Bd5 Rc7 23. Rd1 Bxd5 24. Rxd5 Rcd7 25. Rfd1 Rxd5 26. Rxd5 Rb8 27. Rd7 Bf8
28. Nd5 b5 29. axb5 axb5 30. Nd2 c4 31. Nb1 Rc8 32. Nbc3 b4 33. Nb5 b3 34. c3
Ra8 35. Nf6 Ne7 36. Nd6 Ra2 37. Nxc4 Ra4 38. Rc7 1-0

[Event "Championnat de France des Jeunes - Benja"]
[Site "AIX LES BAINS"]
[Date "2009.04.21"]
[Round "4.13"]
[White "Delvaux, Robin"]
[Black "Luciani, Thibault"]
[Result "0-1"]
[WhiteElo "1785"]
[BlackElo "1864"]
[PlyCount "114"]

1. c4 Nf6 2. Nc3 g6 3. d4 Bg7 4. Nf3 O-O 5. e4 d6 6. Be2 e5 7. dxe5 dxe5 8.
Qxd8 Rxd8 9. Bg5 Re8 10. O-O-O h6 11. Bh4 a6 12. Nxe5 Nxe4 13. Nxe4 Bxe5 14.
Bf3 Bf4+ 15. Kb1 Bf5 16. Rhe1 g5 17. Bg3 Bxg3 18. hxg3 g4 19. Kc1 Kg7 20. Be2
Bxe4 21. Bxg4 Bc6 22. Rxe8 Bxe8 23. Rd8 Bc6 24. Bf3 Bxf3 25. gxf3 b5 26. Kc2
Kf6 27. Kc3 b4+ 28. Kd3 a5 29. Ke4 a4 30. c5 a3 31. b3 Ke7 32. Rh8 Kd7 33. Kd5
c6+ 34. Kc4 Kc7 35. Rf8 Ra7 36. Rxf7+ Nd7 37. Kxb4 Ra8 38. Rh7 Rf8 39. f4 Rf6
40. Kxa3 Kd8 41. b4 Ke8 42. Ka4 Nf8 43. Rc7 Nd7 44. Rc8+ Ke7 45. Ka5 h5 46. a4
Nf8 47. Kb6 Nd7+ 48. Kb7 Nf8 49. Rxc6 Ne6 50. Kb6 Rf8 51. Ka7 Rf7 52. b5 Kd7
53. Kb6 Rf8 54. a5 Rb8+ 55. Ka6 Nc7+ 56. Ka7 Rxb5 57. a6 Kxc6 0-1

[Event "Championnat de France des Jeunes - Benja"]
[Site "AIX LES BAINS"]
[Date "2009.04.21"]
[Round "4.14"]
[White "Ravot, Emmanuel"]
[Black "Bellahcene, Rayane"]
[Result "1-0"]
[WhiteElo "1857"]
[BlackElo "1772"]
[PlyCount "143"]

1. d4 d5 2. c4 e6 3. Nc3 Nf6 4. cxd5 exd5 5. Bg5 Be7 6. e3 c6 7. Qc2 Nbd7 8.
Bd3 O-O 9. Nge2 Re8 10. O-O Nf8 11. f3 h6 12. Bh4 Ne6 13. Rad1 Qb6 14. Bf2 Bd7
15. h3 Rac8 16. e4 dxe4 17. fxe4 Qc7 18. Bg3 Qa5 19. a3 c5 20. d5 c4 21. Bxc4
Rxc4 22. dxe6 Bxe6 23. Nd4 Rxd4 24. Rxd4 Bc5 25. Bf2 Bxd4 26. Bxd4 Nd7 27. Qf2
Qg5 28. b4 a6 29. Be3 Qg6 30. Kh1 Ne5 31. Bd4 Nc4 32. a4 Nd6 33. Qf4 Bc4 34.
Re1 Bd3 35. Be5 Nc4 36. Bc7 Qg5 37. Qxg5 hxg5 38. Kg1 Rc8 39. Nd5 Kf8 40. Rc1
Bxe4 41. Rxc4 Bxd5 42. Bd6+ Ke8 43. Rxc8+ Kd7 44. Rg8 Kxd6 45. Rxg7 f6 46. Kf2
Ke5 47. g3 Kf5 48. Rc7 Kg6 49. Rc5 Be4 50. Ke3 Bg2 51. h4 gxh4 52. gxh4 f5 53.
Kf4 Be4 54. h5+ Kxh5 55. Rxf5+ Bxf5 56. Kxf5 Kh4 57. Ke5 Kg4 58. Kd6 Kf5 59.
Kc7 b5 60. a5 Ke6 61. Kb6 Kd6 62. Kxa6 Kc6 63. Ka7 Kd5 64. Kb6 Kc4 65. a6 Kxb4
66. a7 Kc4 67. a8=Q b4 68. Qe4+ Kb3 69. Qb1+ Ka3 70. Kc5 b3 71. Kc4 b2 72. Kc3
1-0

[Event "Championnat de France des Jeunes - Benja"]
[Site "AIX LES BAINS"]
[Date "2009.04.21"]
[Round "4.15"]
[White "Jeannesson, Etienne"]
[Black "Karcenty, Louis"]
[Result "1-0"]
[WhiteElo "1780"]
[BlackElo "1840"]
[PlyCount "67"]

1. e4 c6 2. Nc3 Nf6 3. Nf3 g6 4. d4 Bg7 5. e5 Nd5 6. Nxd5 cxd5 7. Bf4 O-O 8. c3
Nc6 9. Qd2 d6 10. exd6 exd6 11. Bd3 Re8+ 12. Kf1 Bg4 13. h3 Bxf3 14. gxf3 a6
15. h4 b5 16. h5 Qf6 17. Kg2 Na5 18. hxg6 fxg6 19. Bg5 Qf7 20. Rh3 Nc4 21. Qc2
Bf6 22. Bh6 Rac8 23. Rah1 Re7 24. Rg3 Qe8 25. f4 Bxd4 26. f5 Ne5 27. fxg6 Nxg6
28. Bxg6 hxg6 29. Rxg6+ Bg7 30. Rg3 Rcc7 31. Bxg7 Rxg7 32. Qh7+ Kf8 33. Qxg7+
Rxg7 34. Rh8+ 1-0

[Event "Championnat de France des Jeunes - Benjamines"]
[Site "AIX LES BAINS"]
[Date "2009.04.21"]
[Round "4.1"]
[White "Aflalo, Sophie"]
[Black "Monpeurt, Cyrielle"]
[Result "1-0"]
[WhiteElo "1985"]
[BlackElo "1755"]
[Annotator ""]

1. e4 e5 2. Nf3 Nc6 3. d4 exd4 4. Nxd4 Bc5 5. Be3 Qf6 6. c3 Nge7 7. Bc4 O-O 8.
O-O Ne5 9. Be2 d6 10. Nd2 Bd7 11. Kh1 Qh4 12. N4f3 Nxf3 13. Nxf3 Qh5 14. Ne1
Qe5 15. Nf3 Qe6 16. Ng5 Qf6 17. Nxh7 Kxh7 18. Bxc5 Bc6 19. Bd4 Qg6 20. f3 Rad8
21. Qe1 Qh6 22. Bd3 Ng6 23. Be3 Qh5 24. f4 Rh8 25. Rf3 Kg8 26. Rh3 Qg4 27. Qg3
Qxg3 28. Rxg3 Re8 29. e5 dxe5 30. Bxg6 fxg6 31. fxe5 Rxe5 32. Bd4 Reh5 33. Kg1
Rxh2 34. Kf2 Kh7 35. Re1 Re8 36. Rxe8 Bxe8 37. Bxa7 Rh5 38. Bd4 Rf5+ 39. Ke2
Bb5+ 40. Kd2 c5 41. Be3 Bc6 42. c4 Rh5 43. Bg5 Kg8 44. Ke2 Kf7 45. Kf2 Rh1 46.
Bd2 Rb1 47. Bc3 Rc1 48. Rg5 Rc2+ 49. Kg1 b6 50. Kh2 Be4 51. Rg4 Bf5 52. Rf4 Re2
53. Kg3 Re4 54. Rxe4 Bxe4 55. Be5 Bb1 56. a3 Bd3 57. Bc7 b5 58. cxb5 Bxb5 59.
Bb6 c4 60. Kf4 Bc6 61. g3 Ke6 62. Bd4 Kf7 63. Ke5 Bf3 64. Kf4 Bc6 65. g4 Bb5
66. g5 Bc6 67. Be5 Bb5 68. Ke4 Ba4 69. Kd4 Bb3 70. Kc3 Ke6 71. Bxg7 Kd5 72. Kb4
Bd1 73. Kb5 Be2 74. Bc3 Bg4 75. Kb4 Be6 76. Kb5 Bd7+ 77. Kb6 Be8 78. Kc7 Ba4
79. Kd8 Ke6 80. Kc7 Kd5 81. Kb6 Be8 82. Ka5 Bf7 83. Kb4 Be8 84. a4 Bc6 85. a5
Ba8 86. Kb5 Bc6+ 87. Kb6 Kd6 88. Be5+ Kd5 89. a6 Ba8 90. Bc3 Kd6 91. Ka7 Bc6
92. Kb8 Kd7 93. a7 Kd8 94. a8=Q Bxa8 95. Kxa8 Kc7 96. Ka7 Kc6 97. Kb8 Kb6 98.
Kc8 Kc6 99. Kd8 Kd6 100. Ke8 Ke6 101. Kf8 Kf5 102. Bf6 1-0

[Event "Championnat de France des Jeunes - Benja"]
[Site "AIX LES BAINS"]
[Date "2009.04.21"]
[Round "4.2"]
[White "Pivard, Elsa"]
[Black "Eid, Maha"]
[Result "1/2-1/2"]
[WhiteElo "1710"]
[BlackElo "1929"]
[PlyCount "88"]

1. e4 c5 2. Nc3 e6 3. g3 Nc6 4. Bg2 g6 5. d3 Bg7 6. Be3 d6 7. Nge2 Nge7 8. O-O
O-O 9. Qd2 Rb8 10. Rab1 b5 11. a3 a5 12. Na2 Bd7 13. b4 axb4 14. axb4 Ra8 15.
Nac3 Nxb4 16. d4 Qc7 17. dxc5 dxc5 18. Bxc5 Qxc5 19. Qxd7 Rab8 20. Qd2 Rfd8 21.
Nd5 Nbxd5 22. exd5 Nxd5 23. Qc1 Rdc8 24. Be4 Nb4 25. Rd1 Qc4 26. Bd3 Nxd3 27.
cxd3 Qxc1 28. Rdxc1 b4 29. Rxc8+ Rxc8 30. Rxb4 e5 31. d4 Bf8 32. Ra4 Rc2 33.
Kf1 exd4 34. Nxd4 Rc7 35. Ra8 Kg7 36. Kg2 Rd7 37. Nf3 Rb7 38. Ra2 h6 39. Rc2
Be7 40. h4 Bf6 41. Re2 Rb4 42. Rc2 Rg4 43. Nh2 Ra4 44. Nf3 Ra5 1/2-1/2

[Event "Championnat de France des Jeunes - Benja"]
[Site "AIX LES BAINS"]
[Date "2009.04.21"]
[Round "4.3"]
[White "Navrotescu, Andreea-Cristiana"]
[Black "Fischer, Julie"]
[Result "1/2-1/2"]
[WhiteElo "1853"]
[BlackElo "1644"]
[PlyCount "72"]

1. d4 Nf6 2. c4 g6 3. Nc3 Bg7 4. e4 d6 5. Nf3 O-O 6. Be2 c5 7. O-O cxd4 8. Nxd4
Nc6 9. Be3 Nxd4 10. Bxd4 Be6 11. Rc1 Qa5 12. f3 Rfc8 13. Nd5 Bxd5 14. exd5 Nd7
15. Bxg7 Kxg7 16. a3 Qb6+ 17. Kh1 Qxb2 18. Rb1 Qxa3 19. Qd4+ Kg8 20. Rxb7 Nb6
21. Rxe7 Re8 22. Rxe8+ Rxe8 23. Bd3 Qb4 24. h3 Re1 25. Rxe1 Qxe1+ 26. Kh2 Qb4
27. h4 a5 28. h5 Qc5 29. Qf6 Nd7 30. Qd8+ Nf8 31. h6 Qd4 32. Qxd6 Qh4+ 33. Kg1
Qd4+ 34. Kh1 Qh4+ 35. Qh2 Qe1+ 36. Qg1 Qh4+ 1/2-1/2

[Event "Championnat de France des Jeunes - Benja"]
[Site "AIX LES BAINS"]
[Date "2009.04.21"]
[Round "4.4"]
[White "Dubois, Marie"]
[Black "Griggio, Julie"]
[Result "0-1"]
[WhiteElo "1636"]
[BlackElo "1807"]
[PlyCount "109"]

1. d4 Nf6 2. c4 g6 3. Nc3 Bg7 4. e4 d6 5. Nf3 O-O 6. Be2 Nbd7 7. O-O e5 8. d5
Nc5 9. Nd2 a5 10. b3 h5 11. Bb2 Bh6 12. f3 Be3+ 13. Kh1 Nh7 14. Qc2 Qh4 15.
Rfd1 Na6 16. a3 f5 17. Nf1 Bb6 18. Na4 Ba7 19. Bc3 f4 20. Bxa5 Nc5 21. Nxc5
Bxc5 22. Bxc7 Qe7 23. b4 Bd4 24. Bxd6 Qxd6 25. c5 Qd8 26. Ra2 Nf6 27. Bc4 Kg7
28. Nd2 Bd7 29. Bb3 Qc7 30. Nc4 Bb5 31. Nb6 Ra7 32. a4 Nd7 33. axb5 Rxa2 34.
Qxa2 Nxb6 35. cxb6 Qxb6 36. Bc4 Rc8 37. Rc1 Qxb5 38. Qb3 Qd7 39. Rc2 b6 40. Qd3
Qa4 41. Qd2 Qa1+ 42. Qc1 Qxc1+ 43. Rxc1 b5 44. d6 Rxc4 45. Rb1 Kf7 46. g3 fxg3
47. hxg3 Ke6 48. Kg2 Kxd6 49. f4 Bc3 50. Kf3 Rxb4 51. Rd1+ Rd4 52. Rb1 b4 53.
Ke3 Bd2+ 54. Ke2 exf4 55. gxf4 0-1

[Event "Championnat de France des Jeunes - Benja"]
[Site "AIX LES BAINS"]
[Date "2009.04.21"]
[Round "4.5"]
[White "Floc'H, Jasmine"]
[Black "Afraoui, Solenn"]
[Result "0-1"]
[WhiteElo "1180"]
[BlackElo "1840"]
[PlyCount "52"]

1. Nf3 f5 2. d4 g6 3. Nc3 d5 4. Bf4 Bg7 5. e3 Nf6 6. Be2 O-O 7. O-O c6 8. b4 h6
9. Re1 Nbd7 10. Bd3 Nh5 11. Bg3 Nxg3 12. hxg3 e5 13. dxe5 Nxe5 14. Nxe5 Bxe5
15. Qd2 Qf6 16. Nxd5 cxd5 17. Qd1 Bxa1 18. Qxa1 Qxa1 19. Rxa1 Be6 20. a3 Rac8
21. Rc1 Rc3 22. a4 Rfc8 23. Rd1 Kg7 24. f4 Kf6 25. Kf2 Bd7 26. a5 Ba4 0-1

[Event "Championnat de France des Jeunes - Benja"]
[Site "AIX LES BAINS"]
[Date "2009.04.21"]
[Round "4.6"]
[White "Rigolot, Lucie"]
[Black "Vallat, Julie"]
[Result "1-0"]
[WhiteElo "1831"]
[BlackElo "1210"]
[PlyCount "69"]

1. e4 e5 2. Nf3 Nc6 3. Bb5 d6 4. d3 Bd7 5. c3 Be7 6. Nbd2 Bf6 7. O-O Nge7 8.
Re1 O-O 9. Nf1 Bg4 10. h3 Bh5 11. Ng3 Bg6 12. Nh2 d5 13. Qf3 d4 14. c4 a6 15.
Ba4 Qd7 16. Ng4 Qe6 17. Bd2 Bh4 18. Bb3 Qd6 19. Red1 Rfd8 20. Nf1 b5 21. cxb5
axb5 22. g3 Bf6 23. a3 Nc8 24. Nxf6+ Qxf6 25. Qxf6 gxf6 26. Rdc1 Ra6 27. a4
bxa4 28. Rxa4 Rb6 29. Bd5 Rd6 30. Ra8 N6e7 31. Rxc7 Kg7 32. Bb7 Rxb2 33. Bxc8
Nxc8 34. Rcxc8 Rdb6 35. Rg8# 1-0

[Event "Championnat de France des Jeunes - Benja"]
[Site "AIX LES BAINS"]
[Date "2009.04.21"]
[Round "4.7"]
[White "Pouillart, Cecile"]
[Black "Savalle, Mathilde"]
[Result "1-0"]
[WhiteElo "1745"]
[BlackElo "1575"]
[PlyCount "67"]

1. e4 c5 2. Nf3 Nc6 3. d4 cxd4 4. Nxd4 e5 5. Nb5 d6 6. N1c3 a6 7. Na3 f5 8.
exf5 Bxf5 9. Bd3 Be6 10. Bc4 Bxc4 11. Nxc4 Nf6 12. Ne3 Ne7 13. O-O d5 14. Ng4
d4 15. Nb1 Ng6 16. Re1 Bd6 17. f4 Nxg4 18. Qxg4 O-O 19. Qe6+ Kh8 20. fxe5 Re8
21. Qb3 Bxe5 22. Rf1 Rf8 23. Rxf8+ Qxf8 24. Nd2 Nh4 25. Qh3 Qf6 26. Ne4 Qe7 27.
Bg5 Bxh2+ 28. Qxh2 Qxe4 29. Qxh4 Qd5 30. Rd1 h6 31. Be3 Qxa2 32. Qxd4 Qf7 33.
Qh4 Rd8 34. Qxd8+ 1-0

[Event "Championnat de France des Jeunes - Benja"]
[Site "AIX LES BAINS"]
[Date "2009.04.21"]
[Round "4.8"]
[White "Aggoune, Audessa"]
[Black "Costa, Elodie"]
[Result "1-0"]
[WhiteElo "1570"]
[BlackElo "1727"]
[PlyCount "61"]

1. d4 d5 2. Nf3 e6 3. Bg5 Nf6 4. Nbd2 Be7 5. e3 c6 6. Bd3 Nbd7 7. c3 O-O 8. Ne5
Nxe5 9. dxe5 Nd7 10. h4 Nxe5 11. Bxh7+ Kxh7 12. Qh5+ Kg8 13. Bxe7 Nd3+ 14. Ke2
Qxe7 15. Kxd3 e5 16. Kc2 e4 17. Rag1 f5 18. g3 Qc5 19. Qe2 b6 20. Nb3 Qd6 21.
h5 Rf6 22. Rh4 a5 23. Qd2 c5 24. Rd1 Ba6 25. Qxd5+ Qxd5 26. Rxd5 Bd3+ 27. Kd2
a4 28. Nc1 c4 29. Nxd3 cxd3 30. Rf4 Raf8 31. f3 1-0

[Event "Championnat de France des Jeunes - Benja"]
[Site "AIX LES BAINS"]
[Date "2009.04.21"]
[Round "4.9"]
[White "Monemvasitis, Athina"]
[Black "Gan, Grace"]
[Result "0-1"]
[WhiteElo "1550"]
[BlackElo "1700"]
[PlyCount "98"]

1. e4 c6 2. d4 d5 3. f3 e5 4. Bd3 Nd7 5. Ne2 Ne7 6. Be3 exd4 7. Bf2 c5 8. exd5
Nxd5 9. O-O Be7 10. Qd2 O-O 11. c3 dxc3 12. Nbxc3 Nxc3 13. Qxc3 Nf6 14. Rad1
Qc7 15. Rfe1 b6 16. Ng3 Be6 17. b3 Rad8 18. Ne4 Nd5 19. Bg3 Qxg3 20. hxg3 Nxc3
21. Nxc3 h6 22. Nb5 a6 23. Nc7 Bd6 24. Nxe6 fxe6 25. Rxe6 Bxg3 26. Rxb6 Rfe8
27. Bc4+ Kh7 28. Rxd8 Rxd8 29. Rxa6 Rd1+ 30. Bf1 Rd2 31. a4 Rb2 32. a5 Rxb3 33.
Rc6 Rb2 34. a6 Ra2 35. Bd3+ g6 36. Rc8 h5 37. Re8 Rd2 38. Re7+ Kh6 39. Rd7 Rd1+
40. Bf1 Rxd7 41. Be2 g5 42. Kf1 h4 43. Kg1 Kg7 44. Kf1 Kf6 45. Kg1 Ke5 46. Kf1
Kf4 47. Kg1 Ke3 48. Kf1 c4 49. a7 Rxa7 0-1

[Event "Championnat de France des Jeunes - Benja"]
[Site "AIX LES BAINS"]
[Date "2009.04.21"]
[Round "4.10"]
[White "Kambrath, Linda"]
[Black "Ferrer, Lauriane"]
[Result "1-0"]
[WhiteElo "1680"]
[BlackElo "1570"]
[PlyCount "59"]

1. e4 c5 2. Nf3 d6 3. Bb5+ Bd7 4. Bxd7+ Nxd7 5. O-O e6 6. c3 Ngf6 7. Qe2 Qc7 8.
d4 cxd4 9. cxd4 Be7 10. Nc3 O-O 11. Be3 a6 12. Rac1 Qa5 13. Rfd1 Rac8 14. a3
Rfe8 15. Ne1 h6 16. f4 e5 17. dxe5 dxe5 18. f5 Bc5 19. Kh1 Bxe3 20. Qxe3 Qb6
21. Qe2 Nc5 22. Nd5 Nxd5 23. Rxd5 Na4 24. Rxc8 Rxc8 25. Nd3 f6 26. h3 Qb3 27.
Rd7 Rc2 28. Qg4 g5 29. Qh5 Kf8 30. Rd8+ 1-0

[Event "Championnat de France des Jeunes - Benja"]
[Site "AIX LES BAINS"]
[Date "2009.04.21"]
[Round "4.11"]
[White "Etienne, Alice"]
[Black "Henry, Laura"]
[Result "0-1"]
[WhiteElo "1510"]
[BlackElo "1663"]
[PlyCount "84"]
[EventDate "2009.??.??"]

1. d4 d5 2. Nf3 Nc6 3. c4 Nf6 4. Nc3 e6 5. Bg5 Be7 6. e3 O-O 7. Bd3 Re8 8. O-O
b6 9. cxd5 Nxd5 10. Bxe7 Ncxe7 11. Nxd5 Nxd5 12. Bb5 Rf8 13. Bc6 Rb8 14. Qb3
Bb7 15. Bb5 a6 16. Bd3 Qd6 17. Be4 f5 18. Bd3 Rf6 19. Ne5 Rh6 20. Rae1 Rf8 21.
f4 Nf6 22. Bxf5 Bd5 23. Bxe6+ Bxe6 24. Qa4 b5 25. Qa5 Ng4 26. Nxg4 Bxg4 27. Qc3
Rff6 28. a3 Qe7 29. e4 Rc6 30. Qb3+ Kh8 31. e5 Rc4 32. d5 Qc5+ 33. Qe3 Qxd5 34.
f5 Rc2 35. Qe4 Qc5+ 36. Re3 Rc6 37. e6 Re2 38. Rd1 h5 39. Rd8+ Kh7 40. f6+ Bf5
41. Qf3 Qc1+ 42. Qf1 Qxe3+ 0-1

[Event "Championnat de France des Jeunes - Benja"]
[Site "AIX LES BAINS"]
[Date "2009.04.21"]
[Round "4.12"]
[White "Nolot, Clementine"]
[Black "Laric, Emilie"]
[Result "1-0"]
[WhiteElo "1659"]
[BlackElo "1540"]
[PlyCount "69"]

1. e4 e5 2. Nf3 Nc6 3. Bb5 a6 4. Ba4 b5 5. Bb3 Bb7 6. d4 d6 7. c3 Nf6 8. Nbd2
Be7 9. O-O O-O 10. Re1 Nd7 11. Nf1 Na5 12. Bc2 Nb6 13. Ng3 exd4 14. cxd4 c5 15.
b3 Rc8 16. Bb2 c4 17. Qd2 Nc6 18. d5 Nb8 19. Rad1 Qc7 20. Nf5 f6 21. N3d4 Rf7
22. Ne6 c3 23. Qd3 Qd7 24. Bxc3 Qe8 25. Qg3 Bf8 26. Nh6+ Kh8 27. Nxf7+ Qxf7 28.
Rc1 g6 29. Bd2 N8d7 30. Bf4 Qe7 31. Nxf8 Qxf8 32. Bxd6 Qg7 33. Bd3 Rxc1 34.
Rxc1 Nf8 35. Rc7 1-0

[Event "Championnat de France des Jeunes - Benja"]
[Site "AIX LES BAINS"]
[Date "2009.04.21"]
[Round "4.13"]
[White "Bekhouche, Marion"]
[Black "Mencacci, Floriane"]
[Result "1-0"]
[WhiteElo "1638"]
[BlackElo "1520"]
[PlyCount "133"]

1. d4 d5 2. Nf3 Nf6 3. c4 e6 4. Bg5 Nbd7 5. e3 c6 6. Bd3 Be7 7. Nc3 O-O 8. O-O
b6 9. Rc1 Bb7 10. cxd5 exd5 11. Ne5 Nxe5 12. dxe5 Ne4 13. Nxe4 dxe4 14. Bxe7
Qxe7 15. Bxe4 Rac8 16. Qd6 Qc7 17. Rfd1 Qxd6 18. exd6 Rfd8 19. Bf5 Rb8 20. d7
g6 21. Bg4 f5 22. Bf3 c5 23. Bd5+ Kf8 24. Rc3 Ke7 25. Rcd3 Bxd5 26. Rxd5 Rb7
27. Kf1 Rbxd7 28. Rxd7+ Rxd7 29. Rxd7+ Kxd7 30. Ke2 Kd6 31. f3 Kd5 32. Kd3 c4+
33. Kc3 Kc5 34. b4+ cxb3 35. Kxb3 a5 36. Ka4 Kc4 37. e4 fxe4 38. fxe4 Kd4 39.
Kb5 Kxe4 40. Kxb6 a4 41. Kb5 a3 42. Kb4 Kd4 43. Kxa3 Kc3 44. Ka4 Kc4 45. Ka5
Kc5 46. a4 h6 47. Ka6 Kc6 48. Ka7 Kc7 49. a5 Kc6 50. a6 Kc7 51. g3 Kc8 52. Kb6
Kb8 53. Kc6 Ka7 54. Kd6 Kxa6 55. Ke6 Kb6 56. Kf6 g5 57. Kg6 Kc6 58. Kxh6 g4 59.
Kg5 Kd5 60. Kxg4 Ke4 61. Kg5 Ke5 62. h4 Ke6 63. Kg6 Ke7 64. Kg7 Ke6 65. h5 Kf5
66. h6 Kg5 67. h7 1-0

[Event "Championnat de France des Jeunes - Benja"]
[Site "AIX LES BAINS"]
[Date "2009.04.21"]
[Round "4.14"]
[White "Vignette, Jeanne"]
[Black "Susini, Lisa"]
[Result "1-0"]
[WhiteElo "1502"]
[BlackElo "1620"]
[PlyCount "115"]

1. e4 e5 2. Nf3 Nc6 3. Bc4 Nf6 4. d3 Bb4+ 5. c3 Ba5 6. O-O d6 7. h3 O-O 8. Bg5
Be6 9. Nbd2 a6 10. Qb3 Bxc4 11. Nxc4 Rb8 12. d4 b5 13. Nxa5 Nxa5 14. Qa3 Nc6
15. Qxa6 Rb6 16. Qa3 Re8 17. Rfe1 h6 18. Bxf6 Qxf6 19. Rad1 Qf4 20. dxe5 Nxe5
21. Nxe5 Qxe5 22. Rd5 Qe6 23. Qb4 c5 24. Qa5 Reb8 25. Qa3 b4 26. cxb4 Rxb4 27.
Qd3 R4b6 28. b3 Ra8 29. Re2 Re8 30. f4 f6 31. f5 Qe7 32. a3 Kf8 33. Qc4 Qb7 34.
Re3 Qa7 35. Qc1 Ra8 36. b4 cxb4 37. axb4 Rxb4 38. Rxd6 Rb1 39. Qxb1 Qxe3+ 40.
Kh1 Qxe4 41. Qxe4 Re8 42. Re6 Rd8 43. Kh2 Rc8 44. Qb4+ Kg8 45. g4 Rc2+ 46. Kg3
Rc8 47. Qb3 Kh7 48. h4 Rf8 49. Re7 Kh8 50. Kf4 Rg8 51. Qh3 Rc8 52. Qe3 Kh7 53.
g5 Rc4+ 54. Re4 hxg5+ 55. hxg5 Rc8 56. g6+ Kg8 57. Re8+ Rxe8 58. Qxe8# 1-0

[Event "Championnat de France des Jeunes - Benja"]
[Site "AIX LES BAINS"]
[Date "2009.04.21"]
[Round "4.15"]
[White "Bertrand, Meryl"]
[Black "Langlais, Victoire"]
[Result "1-0"]
[WhiteElo "1610"]
[BlackElo "1510"]
[PlyCount "91"]

1. e4 c5 2. Nf3 Nc6 3. d4 cxd4 4. Nxd4 e6 5. Nc3 Nf6 6. Be3 Be7 7. Be2 d6 8.
Qd2 a6 9. O-O Qc7 10. f3 O-O 11. f4 e5 12. Nxc6 Qxc6 13. Nd5 Re8 14. Bf3 Be6
15. Kh1 Rac8 16. c3 Bxd5 17. exd5 Qd7 18. h3 exf4 19. Bxf4 Rc4 20. b3 Rc5 21.
c4 b5 22. Rac1 bxc4 23. Rxc4 Rxc4 24. bxc4 Qa4 25. Rc1 Rc8 26. Qe2 Bf8 27. Qc2
h6 28. Qxa4 Kh7 29. Qxa6 Rd8 30. a4 g5 31. Bg3 Ne8 32. Bg4 Be7 33. Qb7 Nf6 34.
Qxe7 Nxg4 35. hxg4 Rg8 36. Qxf7+ Rg7 37. Qxg7+ Kxg7 38. a5 Kf7 39. a6 Kf6 40.
a7 Kg6 41. a8=Q Kf7 42. Qd8 Kg6 43. Rf1 Kg7 44. Qf8+ Kh7 45. Rf7+ Kg6 46. Qg7#
1-0

[Event "Championnat de France des Jeunes - Pupilles"]
[Site "AIX LES BAINS"]
[Date "2009.04.21"]
[Round "4.1"]
[White "Msellek, Ilyass"]
[Black "Stark, Gabriel"]
[Result "1-0"]
[WhiteElo "1935"]
[BlackElo "1780"]
[Annotator ""]

1. Nf3 Nf6 2. d4 g6 3. Nc3 Bg7 4. Bf4 O-O 5. Qd2 d5 6. e3 a6 7. b4 c6 8. a4 Bf5
9. Bd3 Bxd3 10. cxd3 Nbd7 11. O-O b6 12. e4 c5 13. bxc5 dxe4 14. dxe4 bxc5 15.
e5 cxd4 16. Nxd4 Ng4 17. Nc6 Qe8 18. Nd5 Ndxe5 19. Nxe5 Nxe5 20. Rae1 Qd8 21.
Rxe5 e6 22. Bg5 f6 23. Rxe6 fxg5 24. Ne7+ Kh8 25. Qxg5 Qd7 26. Rfe1 Qxa4 27.
R6e4 Qa2 28. Qh4 Rf6 29. Nxg6+ Rxg6 30. Re8+ Rxe8 31. Rxe8+ Bf8 32. Rxf8+ Kg7
33. Qe7+ Kh6 34. g3 Qb1+ 35. Kg2 Qb5 36. h4 a5 37. Rf7 Qd5+ 38. Kh2 Rd6 39.
Rxh7+ Kg6 40. Qg7+ Kf5 41. Rh5+ Ke4 42. Rxd5 Rxd5 43. g4 a4 44. h5 Rd2 45. Kg2
a3 46. Qe7+ 1-0